Culturas políticas del movimiento feminista en México : una aproximación en diez tesis /

Uloženo v:
Podrobná bibliografie
Hlavní autor: Pérez Domínguez, Martha Erika (autor)
Další autoři: Palma López, María de los Angeles (autor) (autor), Godínez Mejía, Pilar (autor) (autor)
Médium: Kniha
Jazyk:španělština
Vydáno: Jalapa, México : México : Universidad Veracruzana ; UNAM, 2024, c2024
Témata:
Tagy: Přidat tag
Žádné tagy, Buďte první, kdo vytvoří štítek k tomuto záznamu!

MARC

LEADER 00000nam^a2200000^a^4500
001 000592754
005 20251107000000.0
009 20260310132954.553
020 |a 978-607-8969-74-6 
020 |a 978-607-30-9380-4 
037 |a Acervo ITESO - Biblioteca 
041 |a ESP 
082 |a 305. 420972  |b PER 
100 |a Pérez Domínguez, Martha Erika  |e (autor) 
245 1 0 |a Culturas políticas del movimiento feminista en México :  |b una aproximación en diez tesis /  |c M.E. Pérez Domínguez, M.A. Palma López, P. Godínez Mejía. 
264 4 |a Jalapa, México :  |b Universidad Veracruzana ;  |a México :  |b UNAM,  |c 2024, c2024 
300 |a 190 p. 
336 |a texto  |b txt  |2 rdacontenido 
337 |a sin mediación  |b n  |2 rdamedio 
338 |a volumen  |b nc  |2 rdasoporte 
521 |a FIL 2024 DIA 
585 |a Exposición DIA 2025-03 / 8M: #FeminismoTodoquever  |l Exhibición Actual  |s 20250304  |t 20250318 
649 |a XX 
650 |a Mujeres -  |z México -  |x Condiciones Sociales y Culturales -  |x Tema Principal 
650 |a Feminismo -  |z México -  |x Historia -  |y Siglo XX 
650 |a Feminismo -  |z México -  |x Historia -  |y Siglo XXI 
650 |a Feminismo -  |z México -  |x Tema Principal 
650 |a Movimientos Sociales -  |z México -  |x Historia 
650 |a Discriminación de Género -  |z México 
650 |a Género -  |z México 
650 |a Igualdad y Desigualdad -  |z México 
650 |a Política de Género -  |z México 
650 |a Antropología Cultural 
650 |a Sociología 
700 |a Palma López, María de los Angeles  |e (autor) 
700 |a Godínez Mejía, Pilar  |e (autor) 
910 |a Fondo General 
920 |a Impresos - Libros 
930 |a Colección General 
905 |a 101 
901 |a 592754-10  |b IT1  |c ACC  |i C188207  |u 20250521 
902 |a https://opac.biblio.iteso.mx/vufind/Record/000592754